[Event "4th London Classic Open"]
[Site "London ENG"]
[Date "2012.12.07"]
[Round "7.12"]
[White "Dale,Ari"]
[Black "Kiik,K"]
[Result "0-1"]
[BlackTitle "IM"]
[WhiteElo "2122"]
[BlackElo "2437"]
[WhiteFideId "3213145"]
[BlackFideId "4500075"]
[EventDate "2012.12.01"]

1. d4 e6 2. c4 b6 3. a3 Bb7 4. Nc3 f5 5. d5 Nf6 6. g3 Na6 7. Bg2 Nc5 8. Nh3 Bd6
9. O-O a5 10. Qc2 O-O 11. Rd1 Qe7 12. Be3 Rab8 13. Rab1 exd5 14. cxd5 Nce4 15.
Bxe4 fxe4 16. Nb5 Kh8 17. Nxd6 cxd6 18. Qb3 Ba6 19. Rd2 Ng4 20. Rc1 Qf7 21. Nf4
g5 22. Nh3 h6 23. Rc7 Ne5 24. Qc3 Kg8 25. Bd4 Rbe8 26. Ra7 Rc8 27. Qe3 Nc4 28.
Qc3 Nxd2 29. Qxd2 Bxe2 30. Nxg5 Qf5 31. Qxe2 Rc1+ 32. Kg2 hxg5 33. Be3 Rb1 34.
Qh5 g4 35. Qxf5 Rxf5 36. Rxd7 Rxd5 37. h3 Rdd1 38. Rd8+ Kf7 39. hxg4 Rg1+ 40.
Kh3 Rh1+ 41. Kg2 Rbg1# 0-1

[Event "4th London Classic Open"]
[Site "London ENG"]
[Date "2012.12.07"]
[Round "7"]
[White "D'Costa,L"]
[Black "Guerrero,An"]
[Result "0-1"]
[WhiteTitle "IM"]
[WhiteElo "2417"]
[BlackElo "2206"]
[WhiteFideId "409219"]
[BlackFideId "3902048"]
[EventDate "2012.12.01"]

1. Nf3 e6 2. c4 b6 3. g3 Bb7 4. Bg2 Nf6 5. O-O c5 6. Nc3 Be7 7. d4 cxd4 8. Qxd4
Nc6 9. Qf4 O-O 10. Rd1 a6 11. b3 h6 12. e4 Bb4 13. Bb2 Ne7 14. Ne1 Ng6 15. Qe3
Qc7 16. Nd3 Be7 17. Rac1 d6 18. h3 Nd7 19. Rd2 Rac8 20. Rcd1 Qb8 21. Kh2 h5 22.
f4 h4 23. g4 Nc5 24. Ne2 Rfe8 25. Nxc5 bxc5 26. e5 dxe5 27. fxe5 Bxg2 28. Kxg2
Red8 29. Bc3 Rxd2 30. Rxd2 Rd8 31. Rxd8+ Qxd8 32. Qe4 Bg5 33. Kf2 Qd1 34. Qa8+
Kh7 35. Qe4 Bd2 36. Qd3 Qe1+ 37. Kg2 Bxc3 38. Nxc3 Qxe5 39. a3 f5 40. Qf3 fxg4
41. hxg4 Nf4+ 42. Kf1 h3 43. Kg1 Qxc3 44. Qxf4 Qd4+ 45. Qxd4 0-1

[Event "4th London Classic Open"]
[Site "London ENG"]
[Date "2012.12.07"]
[Round "7"]
[White "Hanley,C"]
[Black "Gunajew,R"]
[Result "0-1"]
[WhiteTitle "IM"]
[BlackTitle "FM"]
[WhiteElo "2412"]
[BlackElo "2260"]
[WhiteFideId "408514"]
[BlackFideId "1116037"]
[EventDate "2012.12.01"]

1. e4 c5 2. Nf3 d6 3. d4 cxd4 4. Qxd4 Nc6 5. Bb5 Bd7 6. Bxc6 Bxc6 7. c4 Nf6 8.
Nc3 g6 9. O-O Bg7 10. Qd3 a6 11. Nd4 Rc8 12. f3 Qb6 13. Be3 Qxb2 14. Rab1 Qa3
15. Nxc6 bxc6 16. Rb3 Qa5 17. Bb6 Qh5 18. g4 Qh3 19. Ne2 c5 20. Nf4 Qh6 21. Ng2
Nd7 22. Ba5 Bd4+ 23. Kh1 g5 24. Qe2 Ne5 25. f4 gxf4 26. Nxf4 Rg8 27. Rh3 Qg7 28.
Qc2 Nd7 29. Nh5 Qe5 30. Ng3 Rxg4 31. Rxh7 Nf6 32. Rh8+ Rg8 33. Rh4 Qg5 34. Rhf4
Rh8 35. Nf5 Be5 36. Bd2 Ng4 37. Nxd6+ Bxd6 38. Qa4+ Kd8 39. R4f2 Nxf2+ 40. Rxf2
Qe5 41. Ba5+ Rc7 0-1

[Event "4th London Classic Open"]
[Site "London ENG"]
[Date "2012.12.07"]
[Round "7"]
[White "Shaw,J"]
[Black "Jackson,J"]
[Result "1/2-1/2"]
[WhiteTitle "GM"]
[WhiteElo "2435"]
[BlackElo "2222"]
[WhiteFideId "2400553"]
[BlackFideId "416860"]
[EventDate "2012.12.01"]

1. e4 c5 2. f4 d5 3. Bb5+ Bd7 4. Bxd7+ Qxd7 5. d3 e6 6. Nf3 Nc6 7. Qe2 O-O-O 8.
O-O f6 9. Na3 Bd6 10. c3 Nh6 11. Nc2 Bc7 12. Be3 Bb6 13. h3 Nf7 14. Rad1 d4 15.
cxd4 cxd4 16. Bd2 f5 17. b4 Nd6 18. Ne5 Nxe5 19. fxe5 Nxe4 20. Be1 Kb8 21. Kh1
Nc3 22. Bxc3 dxc3 23. d4 g6 24. Rf3 Rc8 25. Rdd3 Qd5 26. a4 a6 27. Rxc3 Rxc3 28.
Rxc3 Rc8 29. Qd3 Rc6 30. Kh2 g5 31. Rxc6 Qxc6 32. a5 Ba7 33. g4 Qe4 34. Qxe4
fxe4 35. h4 gxh4 36. Kh3 e3 37. Kxh4 e2 38. d5 Be3 39. dxe6 Kc8 40. Kg3 Bd2 41.
Kf2 e1=Q+ 42. Nxe1 Bxb4 43. Nd3 Bxa5 44. Kf3 Bd8 45. Ke4 Be7 46. Nf4 a5 47. Nd5
Kd8 48. Nf6 a4 49. Kd3 h6 50. Nd5 b5 51. Kc2 b4 52. Nb6 a3 53. Kb3 Bc5 54. Nd5
Ke8 55. Ka2 Kd8 1/2-1/2

[Event "4th London Classic Open"]
[Site "London ENG"]
[Date "2012.12.07"]
[Round "7"]
[White "Gikas,A"]
[Black "Sarakauskas,G"]
[Result "0-1"]
[BlackTitle "IM"]
[WhiteElo "2210"]
[BlackElo "2408"]
[WhiteFideId "4623509"]
[BlackFideId "12800724"]
[EventDate "2012.12.01"]

1. e4 e5 2. Nf3 Nc6 3. Nc3 Nf6 4. Bb5 Bd6 5. d3 h6 6. h3 a6 7. Ba4 Bc5 8. Ne2 d6
9. c3 Ba7 10. Ng3 O-O 11. O-O Ne7 12. d4 Ng6 13. Be3 Bd7 14. Bxd7 Qxd7 15. Qd2
exd4 16. Bxh6 dxc3 17. Qxc3 gxh6 18. Qxf6 Kh7 19. Nh5 Rg8 20. Qc3 Qc6 21. Nf6+
Kh8 22. Qxc6 bxc6 23. Nxg8 Rxg8 24. Kh2 Nf4 25. Nh4 Nd3 26. f3 Nxb2 27. Rab1 Nc4
28. Rfc1 Nd2 29. Rb7 Be3 30. Rd1 Bf4+ 31. Kh1 d5 32. exd5 cxd5 33. Nf5 Rg5 34.
Nxh6 Kg7 35. Ng4 Nc4 36. Rd4 Rf5 37. Rxf4 Rxf4 38. Rxc7 Rd4 39. h4 Nd6 40. Rc6
Nf5 41. h5 Ng3+ 42. Kh2 Nxh5 43. Rxa6 Rd2 44. Ne3 Nf4 45. Kg3 Ne6 46. f4 Rd3 47.
Kf2 Nxf4 48. g3 Rd2+ 49. Kf3 Ne6 50. Nf5+ Kf6 51. g4 Ke5 52. Ke3 Rh2 53. Ra5
Rh3+ 54. Kf2 Rc3 55. a4 Nc5 56. Ra7 f6 57. a5 Ra3 58. Ra8 Kf4 59. Ke2 Ra2+ 60.
Kd1 Ke4 61. Re8+ Kf3 62. Rf8 Ne4 63. g5 Nc3+ 64. Kc1 fxg5 65. Nd4+ Ke4 66. Nb3
g4 67. a6 g3 68. Nd2+ Kd4 69. Rf4+ Ne4 70. Nxe4 dxe4 71. Rg4 g2 72. a7 Ke3 73.
Rxg2 Rxa7 74. Rg8 Ke2 75. Rg2+ Kf3 76. Rh2 Rd7 77. Rh3+ Kf2 78. Rh2+ Kg3 79. Rd2
Rxd2 80. Kxd2 0-1

[Event "4th London Classic Open"]
[Site "London ENG"]
[Date "2012.12.07"]
[Round "7"]
[White "Gullaksen,E"]
[Black "Eriksson,Jor"]
[Result "1-0"]
[WhiteTitle "IM"]
[WhiteElo "2384"]
[BlackElo "2213"]
[WhiteFideId "1500945"]
[BlackFideId "1701967"]
[EventDate "2012.12.01"]

1. d4 d5 2. c4 e6 3. Nf3 c6 4. Qc2 Nf6 5. e3 Nbd7 6. Nc3 Bd6 7. Bd2 O-O 8. O-O-O
Qe7 9. e4 Nxe4 10. Nxe4 dxe4 11. Qxe4 f5 12. Qc2 c5 13. g3 b5 14. Bg2 Bb7 15. d5
bxc4 16. Bg5 Nf6 17. Rhe1 Qc7 18. Bxf6 Rxf6 19. Rxe6 Rxe6 20. dxe6 Be4 21. Qxc4
Rb8 22. e7+ Kh8 23. Ng5 Bf4+ 24. gxf4 Qxf4+ 25. Rd2 Qxg5 26. Qf7 Bd5 27. Qf8+ 1-0

[Event "4th London Classic Open"]
[Site "London ENG"]
[Date "2012.12.07"]
[Round "7"]
[White "Hanssen,G"]
[Black "Weber,T"]
[Result "1/2-1/2"]
[BlackTitle "FM"]
[WhiteElo "2207"]
[BlackElo "2372"]
[WhiteFideId "1501534"]
[BlackFideId "4000609"]
[EventDate "2012.12.01"]

1. c4 c5 2. Nf3 Nc6 3. d4 cxd4 4. Nxd4 g6 5. e4 Nf6 6. Nc3 Nxd4 7. Qxd4 d6 8.
Be2 Bg7 9. Bg5 O-O 10. Qd2 a5 11. O-O a4 12. Bh6 Qa5 13. Bxg7 Kxg7 14. Qd4 Be6
15. f4 Qa7 16. Rad1 Rfc8 17. Qxa7 Rxa7 18. Rd4 Rc5 19. Bd3 b6 20. b3 axb3 21.
axb3 Ra3 22. Na4 Rxb3 23. Bc2 Re3 24. Nxc5 bxc5 25. Rdd1 Nxe4 26. Rfe1 Rxe1+ 27.
Rxe1 Nd2 28. Bd3 Kf6 29. Re2 Nb3 30. Rb2 Na5 31. Rc2 Nc6 32. Rc1 Nb4 33. Bb1 h5
34. Kf2 Nc6 35. Ke3 Nd4 36. Be4 Nb3 37. Rc3 Nd4 38. Rc1 Nb3 39. Rc3 Nd4 1/2-1/2

[Event "4th London Classic Open"]
[Site "London ENG"]
[Date "2012.12.07"]
[Round "7"]
[White "Bates,Ri"]
[Black "Iwanow,A"]
[Result "1-0"]
[WhiteTitle "IM"]
[BlackTitle "WIM"]
[WhiteElo "2370"]
[BlackElo "2188"]
[WhiteFideId "403555"]
[BlackFideId "1135988"]
[EventDate "2012.12.01"]

1. d4 Nf6 2. Nf3 g6 3. c4 Bg7 4. g3 d5 5. cxd5 Nxd5 6. Bg2 Nb6 7. Nc3 Nc6 8. e3
O-O 9. O-O Re8 10. Re1 a5 11. Qe2 Be6 12. Rd1 Bc4 13. Qd2 e5 14. d5 Nb4 15. e4
Nd3 16. b3 Ba6 17. Ba3 Qf6 18. Qe3 Nb4 19. Ne1 Bf8 20. Bb2 a4 21. Nxa4 Nxa4 22.
bxa4 Bc4 23. a3 Na6 24. Rdc1 b5 25. axb5 Bxb5 26. a4 Bd7 27. Ba3 Bg7 28. a5 Qd8
29. Rab1 Bf6 30. Qc3 Bg5 31. Rc2 f5 32. Nd3 Bf6 33. Qc4 Kh8 34. Bb2 Qb8 35. Rcc1
Qa7 36. Re1 fxe4 37. Bxe4 Rab8 38. Bc3 Bg7 39. Kg2 Rf8 40. f3 Rbe8 41. Bd2 Nb8
42. Nc5 1-0

[Event "4th London Classic Open"]
[Site "London ENG"]
[Date "2012.12.07"]
[Round "7"]
[White "Kojima,S"]
[Black "Jetzl,J"]
[Result "1-0"]
[WhiteTitle "FM"]
[WhiteElo "2340"]
[BlackElo "2208"]
[WhiteFideId "7000812"]
[BlackFideId "1601172"]
[EventDate "2012.12.01"]

1. Nf3 e6 2. c4 f5 3. g3 Nf6 4. Bg2 Be7 5. O-O O-O 6. d4 c6 7. Nc3 d5 8. Rb1 Ne4
9. Qc2 Qe8 10. b4 b5 11. cxb5 cxb5 12. Ne5 Bb7 13. Nd3 Bf6 14. Be3 Na6 15. a4
Rc8 16. Bxe4 dxe4 17. Nc5 Nxc5 18. bxc5 g5 19. Nxb5 Qh5 20. Nd6 Bc6 21. Nxc8
Rxc8 22. Rb4 f4 23. gxf4 Kf7 24. Kh1 gxf4 25. Bxf4 Rg8 26. Qd1 e3+ 27. f3 Qg4
28. Bg3 Qh3 29. Rg1 Bd8 30. d5 Bxd5 31. Rf4+ Ke8 32. Qd3 Kd7 33. Rf7+ 1-0

[Event "4th London Classic Open"]
[Site "London ENG"]
[Date "2012.12.07"]
[Round "7"]
[White "Guthrie,D"]
[Black "Richardson,Joh"]
[Result "0-1"]
[BlackTitle "FM"]
[WhiteElo "2167"]
[BlackElo "2320"]
[WhiteFideId "4300505"]
[BlackFideId "401617"]
[EventDate "2012.12.01"]

1. d4 Nf6 2. c4 e6 3. Nc3 Bb4 4. e3 c5 5. Ne2 d5 6. a3 Bxc3+ 7. Nxc3 cxd4 8.
exd4 Nc6 9. c5 Ne4 10. Nxe4 dxe4 11. Be3 O-O 12. Bc4 f5 13. Qd2 Qf6 14. g3 Bd7
15. b4 a6 16. O-O Kh8 17. f3 exf3 18. Rxf3 e5 19. d5 e4 20. dxc6 exf3 21. Bd4
Qxc6 22. Bd5 Qc7 23. Bxg7+ Kxg7 24. Qg5+ Kh8 25. Re1 Rae8 26. Re7 Rxe7 27. Qxe7
Qd8 0-1

[Event "4th London Classic Open"]
[Site "London ENG"]
[Date "2012.12.07"]
[Round "7"]
[White "Ethelontis,A"]
[Black "Rudd,J"]
[Result "0-1"]
[BlackTitle "IM"]
[WhiteElo "2155"]
[BlackElo "2288"]
[WhiteFideId "405469"]
[BlackFideId "405736"]
[EventDate "2012.12.01"]

1. c4 Nf6 2. g3 g6 3. Bg2 Bg7 4. Nc3 O-O 5. d3 d6 6. Bg5 c6 7. Qd2 Re8 8. e4
Nbd7 9. Nge2 a6 10. O-O b5 11. h3 bxc4 12. dxc4 Ne5 13. c5 Bxh3 14. cxd6 Bxg2
15. Kxg2 exd6 16. b3 Qd7 17. Rad1 Rad8 18. f3 Qc8 19. Qf4 Nh5 20. Qh4 f6 21. Bc1
d5 22. exd5 cxd5 23. Nxd5 Nd3 24. Nec3 Rxd5 25. Nxd5 Qc2+ 26. Kg1 Re2 27. Ne3
Rxe3 28. Bxe3 Ne5 29. Rd2 Qc6 30. Qe4 Qxe4 31. fxe4 Nxg3 32. Rd8+ Kf7 33. Rfd1
Nxe4 34. Ra8 g5 35. Rc1 Nf3+ 36. Kg2 Nh4+ 37. Kg1 Nf5 38. Rc7+ Kg6 39. Raa7 h5
40. Bf2 g4 41. Kg2 Bh6 42. Ra8 h4 43. Rg8+ Kh5 44. Be1 h3+ 45. Kh1 Bg5 46. Rh7+
Nh6 47. b4 Bf4 48. a4 f5 49. b5 axb5 50. axb5 Nf6 51. Rxh6+ Kxh6 52. Rf8 Kg7 53.
Ra8 Ne4 54. b6 g3 55. b7 g2+ 56. Kg1 Be3+ 0-1

[Event "4th London Classic Open"]
[Site "London ENG"]
[Date "2012.12.07"]
[Round "7"]
[White "Seymour,T"]
[Black "Croad,N"]
[Result "1-0"]
[BlackTitle "FM"]
[WhiteElo "2093"]
[BlackElo "2282"]
[WhiteFideId "412112"]
[BlackFideId "4300793"]
[EventDate "2012.12.01"]

1. e4 e6 2. d4 d5 3. Nd2 Nf6 4. e5 Nfd7 5. c3 c5 6. Bd3 Nc6 7. Ne2 cxd4 8. cxd4
f6 9. exf6 Nxf6 10. O-O Bd6 11. Nf3 Qc7 12. Bg5 O-O 13. Rc1 Bd7 14. Re1 Nh5 15.
Nc3 a6 16. Ne5 g6 17. Bh6 Ng7 18. Qg4 Nxe5 19. dxe5 Bxe5 20. Nxd5 Bxh2+ 21. Kh1
Qd6 22. Qd4 e5 23. Qb6 Bc6 24. Bc4 e4 25. Rxe4 Nf5 26. Ne7+ Kh8 27. Bxf8 Bxe4
28. Nxf5 Qxb6 29. Bg7# 1-0

[Event "4th London Classic Open"]
[Site "London ENG"]
[Date "2012.12.07"]
[Round "7"]
[White "McDonald,N"]
[Black "Luncasu,R"]
[Result "0-1"]
[WhiteTitle "GM"]
[WhiteElo "2454"]
[BlackElo "2118"]
[WhiteFideId "400629"]
[BlackFideId "1206222"]
[EventDate "2012.12.01"]

1. e4 c5 2. Nf3 e6 3. d4 cxd4 4. Nxd4 a6 5. Bd3 Bc5 6. Nb3 Ba7 7. O-O Ne7 8. Bg5
Nbc6 9. N1d2 O-O 10. Qh5 f6 11. Bf4 d6 12. Rad1 Ne5 13. Be2 b5 14. Kh1 Qc7 15.
c3 Bd7 16. Bg3 Rae8 17. f4 g6 18. Qh4 Nc4 19. Nxc4 bxc4 20. Nd2 Bb5 21. Bf2 Bxf2
22. Qxf2 f5 23. exf5 Nxf5 24. Nf3 Bc6 25. Nd4 Be4 26. Rde1 d5 27. Kg1 Nxd4 28.
Qxd4 Rb8 29. Bg4 Qb6 30. Rf2 Rf7 31. Rxe4 dxe4 32. Qxe4 Re8 33. g3 e5 34. Kg2
Qb7 35. Qxb7 Rxb7 36. Be2 Rc7 37. fxe5 Rxe5 38. Bf1 Kg7 39. Rd2 Ra5 40. a3 Rb5
41. b4 cxb3 42. Bxb5 axb5 43. Kf2 Rxc3 44. Ke2 Kf6 45. Rd4 Rc2+ 46. Ke3 Rc4 47.
Rd2 Ke5 48. Rb2 Rc3+ 49. Kd2 Kd4 50. Kd1 Rf3 51. Ke2 Kc3 0-1

[Event "4th London Classic Open"]
[Site "London ENG"]
[Date "2012.12.07"]
[Round "7"]
[White "Yeo,M"]
[Black "Cherniaev,A1"]
[Result "0-1"]
[BlackTitle "GM"]
[WhiteElo "2191"]
[BlackElo "2460"]
[WhiteFideId "402257"]
[BlackFideId "4117301"]
[EventDate "2012.12.01"]

1. e4 g6 2. d4 Bg7 3. Nc3 c6 4. f4 d5 5. e5 Nh6 6. Nf3 O-O 7. Be2 Bg4 8. Be3 f6
9. O-O Nf5 10. Bf2 e6 11. exf6 Bxf6 12. Ne5 Bxe2 13. Nxe2 Nd7 14. Qd3 Bg7 15.
Rae1 Nf6 16. g4 Nd6 17. Bh4 Qc7 18. Bxf6 Rxf6 19. g5 Rff8 20. Ng3 c5 21. c3 cxd4
22. cxd4 Rac8 23. Nxg6 hxg6 24. Qxg6 Qf7 25. Rxe6 Qxg6 26. Rxg6 Nf5 27. Re1 Nh4
28. Rxg7+ Kxg7 29. Re7+ Rf7 30. Nh5+ Kg6 0-1

[Event "4th London Classic Open"]
[Site "London ENG"]
[Date "2012.12.07"]
[Round "7"]
[White "Slavin,A"]
[Black "Spivack,S"]
[Result "1/2-1/2"]
[WhiteTitle "IM"]
[WhiteElo "2397"]
[BlackElo "2192"]
[WhiteFideId "24104388"]
[BlackFideId "404780"]
[EventDate "2012.12.01"]

1. d4 Nf6 2. c4 c6 3. Nc3 d5 4. Bg5 e6 5. e3 Nbd7 6. cxd5 exd5 7. Bd3 Be7 8.
Nge2 O-O 9. Qc2 Re8 10. O-O Nf8 11. Ng3 h6 12. Bf4 Ne6 13. Be5 Ng4 14. Qe2 Nxe5
15. dxe5 Bb4 16. f4 Bxc3 17. bxc3 b6 18. Rad1 Nc5 19. Bb1 Ba6 20. Qc2 g6 21. Rf3
Bb5 22. Rd4 Ne6 23. f5 Nxd4 24. exd4 Qg5 25. h4 Qg4 26. Qf2 Rf8 27. h5 c5 28.
dxc5 bxc5 29. Qxc5 Bc4 30. Bc2 Rae8 31. Qe3 Qg5 32. Rf4 gxh5 33. Nxh5 Qxh5 34.
Qg3+ Kh8 35. Rh4 Rg8 36. Qxg8+ Kxg8 37. Rxh5 Rxe5 38. Rxh6 Kg7 39. Rd6 Bxa2 40.
f6+ Kh6 41. Rd7 Re2 42. Bf5 d4 43. cxd4 Kg5 44. g4 Kxf6 45. Rxa7 Rd2 46. Ra4 Bd5
47. Kf1 Bf3 48. Ra3 Bd5 49. Bd3 Be6 50. Ke1 Rg2 51. Be2 Bxg4 52. Bxg4 1/2-1/2

[Event "4th London Classic Open"]
[Site "London ENG"]
[Date "2012.12.07"]
[Round "7"]
[White "Schneider,Ig"]
[Black "Jaunooby,A"]
[Result "1-0"]
[WhiteTitle "FM"]
[WhiteElo "2376"]
[BlackElo "2178"]
[WhiteFideId "2019043"]
[BlackFideId "413291"]
[EventDate "2012.12.01"]

1. e4 d6 2. d4 Nf6 3. Nc3 g6 4. h3 a6 5. a4 b6 6. Nf3 Bb7 7. Bd3 c5 8. Bg5 h6 9.
Be3 c4 10. Bxc4 Nxe4 11. d5 Nf6 12. O-O Bg7 13. Qd2 Nbd7 14. Rfe1 Rc8 15. Ba2
Kf8 16. Bd4 Kg8 17. Qe3 Bf8 18. Nd2 Rh7 19. Re2 h5 20. f4 Qc7 21. Nf3 h4 22. f5
Bh6 23. Qf2 gxf5 24. Rxe7 Ne4 25. Nxe4 fxe4 26. Nxh4 Kf8 27. Rxe4 Qxc2 28. Qf5
Be3+ 29. Bxe3 Rxh4 30. Rf1 Ne5 31. Rxh4 Qxb2 32. Rh8+ Ke7 33. Bg5+ 1-0

[Event "4th London Classic Open"]
[Site "London ENG"]
[Date "2012.12.07"]
[Round "7"]
[White "Kvisvik,B"]
[Black "Moloney,N"]
[Result "1-0"]
[WhiteTitle "FM"]
[WhiteElo "2316"]
[BlackElo "2168"]
[WhiteFideId "1502999"]
[BlackFideId "405558"]
[EventDate "2012.12.01"]

1. d4 e6 2. c4 Nf6 3. g3 d5 4. Nf3 c6 5. Bg2 Nbd7 6. O-O Bd6 7. Nfd2 e5 8. cxd5
cxd5 9. dxe5 Nxe5 10. Nc3 Be6 11. Qb3 O-O 12. Nxd5 Kh8 13. Nb1 Qa5 14. Nbc3 Rac8
15. e4 Nd3 16. Qd1 Nxd5 17. exd5 Bf5 18. Qb3 Bb4 19. Ne4 Ne1 20. Rxe1 Bxe1 21.
Be3 Bxe4 22. Bxe4 Bb4 23. Qd3 Bc5 24. Bd2 Qb6 25. Bc3 Bxf2+ 26. Kg2 Qe3 27. Qxe3
Bxe3 28. d6 Bc5 29. d7 Rc7 30. Bf5 Be7 31. Re1 Rxc3 32. Rxe7 g6 33. bxc3 1-0

[Event "4th London Classic Open"]
[Site "London ENG"]
[Date "2012.12.07"]
[Round "7"]
[White "Arvola,B"]
[Black "Lee,Ka"]
[Result "1-0"]
[WhiteTitle "FM"]
[WhiteElo "2285"]
[BlackElo "2165"]
[WhiteFideId "1506536"]
[BlackFideId "5802920"]
[EventDate "2012.12.01"]

1. e4 c5 2. Nf3 e6 3. c3 d5 4. e5 d4 5. d3 Nc6 6. g3 h6 7. Bg2 Nge7 8. O-O g6 9.
Nbd2 Bg7 10. Ne4 Nxe5 11. Nxe5 Bxe5 12. Nxc5 dxc3 13. bxc3 Bxc3 14. Rb1 Kf8 15.
Ba3 Kg7 16. Bxb7 Rb8 17. Bxc8 Rxc8 18. Qa4 a5 19. Rb7 Rc7 20. Rxc7 Qxc7 21. Rc1
Nd5 22. Ne4 Qe5 23. Bd6 Qd4 24. Nxc3 Qb6 25. Be5+ f6 26. Nxd5 1-0

[Event "4th London Classic Open"]
[Site "London ENG"]
[Date "2012.12.07"]
[Round "7"]
[White "Holzhauer,B"]
[Black "Osborne,M"]
[Result "1-0"]
[WhiteElo "2153"]
[BlackElo "2280"]
[WhiteFideId "20605544"]
[BlackFideId "404608"]
[EventDate "2012.12.01"]

1. d4 e6 2. c4 Nf6 3. Nc3 Bb4 4. Qc2 O-O 5. a3 Bxc3+ 6. Qxc3 b6 7. Bg5 Bb7 8. f3
c5 9. dxc5 bxc5 10. Nh3 Nc6 11. e3 h6 12. Bh4 Rb8 13. Nf2 Ba6 14. O-O-O e5 15.
Bxf6 Qxf6 16. Rxd7 Qe6 17. Rd5 f5 18. Nd3 Bb7 19. Nxc5 Qe7 20. Nd7 Nd4 21. Nxf8
Bxd5 22. Ng6 Qg5 23. Nxe5 Nb3+ 24. Kb1 Be6 25. f4 Qh5 26. Bd3 Nc5 27. Bc2 Qe2
28. Nf3 Rb7 29. Rg1 Bd7 30. Nd4 Qh5 31. h3 Qe8 32. Ka1 Qc8 33. Rd1 Rc7 34. Nf3
Be6 35. Ne5 Nb7 36. Rd4 a5 37. g4 Nc5 38. Qd2 Nb7 39. gxf5 Bxf5 40. Bxf5 Qxf5
41. Rd8+ Kh7 42. Qd3 Qxd3 43. Rxd3 Nc5 44. Rd8 a4 45. f5 Nb3+ 46. Ka2 Rc5 47.
Re8 Nd2 48. e4 Nxe4 49. Ng6 Rxf5 50. Nf8+ Kg8 51. Nd7+ Kf7 52. Rxe4 Rf1 53. c5
g5 54. c6 Rc1 55. Ne5+ 1-0

[Event "4th London Classic Open"]
[Site "London ENG"]
[Date "2012.12.07"]
[Round "7"]
[White "Coleman,D"]
[Black "Dole,A"]
[Result "1/2-1/2"]
[WhiteTitle "CM"]
[WhiteElo "2268"]
[BlackElo "2138"]
[WhiteFideId "402087"]
[BlackFideId "14301490"]
[EventDate "2012.12.01"]

1. e4 e6 2. d4 d5 3. Nc3 Bb4 4. e5 c5 5. a3 Bxc3+ 6. bxc3 Ne7 7. Qg4 O-O 8. Bd3
f5 9. exf6 Rxf6 10. Bg5 Rf7 11. Qh5 g6 12. Qd1 Qa5 13. Bd2 Nbc6 14. Nf3 e5 15.
c4 Qa4 16. cxd5 Nxd5 17. Nxe5 Nxe5 18. dxe5 Bg4 19. Qc1 Qd4 20. O-O Qxe5 21. Re1
Qf6 22. Be3 Rc8 23. Bc4 Be6 24. Qd2 Nxe3 25. Bxe6 Qxe6 26. Rxe3 Qf6 27. Rae1 Rd8
28. Qe2 Qc6 29. h4 Rdf8 30. Rf1 Qa4 31. h5 Qh4 32. Rh3 Qg5 33. Qc4 Kg7 34. Qc3+
Rf6 35. Re1 Kg8 36. Re7 Qc1+ 37. Re1 Qf4 38. Rf3 Qd4 39. Qxd4 cxd4 40. hxg6 hxg6
41. Rxf6 Rxf6 42. Re8+ Kf7 43. Rd8 Ke7 44. Rxd4 Rc6 45. c4 Ra6 46. Rd3 Ra4 47.
c5 Ra5 48. Rb3 Kd7 49. Rxb7+ Kc6 50. Rb3 Rxc5 51. Rg3 g5 52. Kh2 Kd6 53. Kh3 Ke6
54. Kg4 Kf6 55. Rf3+ Kg6 56. Rb3 Rc4+ 57. Kg3 Ra4 58. f3 Kf5 59. Kf2 Kf6 60. Ke3
Ke5 61. g3 Kf5 62. Kd3 Ke5 63. Kc3 Kf6 64. Kb2 Kg6 65. Rb4 Ra5 66. Kb3 Rf5 67.
f4 Rd5 68. Kc4 Ra5 69. a4 gxf4 70. gxf4 Rf5 71. Kb3 Kf6 72. Re4 Rd5 73. Kc4 Ra5
74. Kb4 Rh5 75. a5 Rf5 76. Ka4 Kf7 77. Re5 Rxf4+ 78. Kb5 Kf6 79. Re8 Kf7 80. Ra8
Rf1 81. Rxa7+ Ke6 82. Rc7 Rb1+ 83. Kc6 Rc1+ 84. Kb7 Rb1+ 85. Ka7 Kd6 86. Rc2 Rb3
87. a6 Kd7 88. Ka8 Rb1 89. Rh2 Kc7 90. Rh7+ Kc6 91. Ka7 Rb2 92. Rb7 Ra2 93. Rb1
Kc7 94. Rc1+ Kd7 95. Rc4 Ra1 96. Rc5 Ra2 1/2-1/2

[Event "4th London Classic Open"]
[Site "London ENG"]
[Date "2012.12.07"]
[Round "7"]
[White "Eames,R"]
[Black "White,A"]
[Result "1-0"]
[WhiteTitle "FM"]
[WhiteElo "2263"]
[BlackElo "2112"]
[WhiteFideId "408743"]
[BlackFideId "2402041"]
[EventDate "2012.12.01"]

1. d4 d6 2. e4 Nf6 3. Nc3 g6 4. f4 Bg7 5. Nf3 O-O 6. Be3 b6 7. Qd2 c5 8. O-O-O
Ng4 9. dxc5 Nxe3 10. Qxe3 bxc5 11. Bc4 Nd7 12. h4 Nb6 13. Be2 Be6 14. h5 Rb8 15.
hxg6 hxg6 16. Ng5 Nc4 17. Bxc4 Bxc4 18. Rh8+ 1-0

[Event "4th London Classic Open"]
[Site "London ENG"]
[Date "2012.12.07"]
[Round "7"]
[White "Stephan,Ax"]
[Black "Jyothilal,N"]
[Result "1-0"]
[WhiteElo "2233"]
[BlackElo "2038"]
[WhiteFideId "4632834"]
[BlackFideId "5002605"]
[EventDate "2012.12.01"]

1. Nf3 Nf6 2. g3 g6 3. Bg2 Bg7 4. O-O O-O 5. c4 c6 6. d4 d5 7. b3 Bf5 8. Bb2 Ne4
9. Nh4 Be6 10. Qc2 f5 11. c5 Nd7 12. f3 Nef6 13. Nd2 f4 14. gxf4 Nh5 15. e3 Qe8
16. Bh1 Bh6 17. Ng2 Qf7 18. Rf2 Ndf6 19. b4 Ne8 20. Nf1 Neg7 21. Bc3 Bh3 22. Qe2
Ne6 23. Ng3 Nhg7 24. Ne1 Qf6 25. Nd3 Qh4 26. a4 Rf6 27. Ne5 g5 28. fxg5 Nxg5 29.
b5 Raf8 30. f4 Bc8 31. Bg2 Nf7 32. Nf3 Qg4 33. bxc6 bxc6 34. Kh1 Nf5 35. Nxf5
Bxf5 36. Ne5 Qh4 37. Rg1 Bg7 38. Bf3 Nxe5 39. dxe5 Rg6 40. Rfg2 e6 41. Bd4 Rf7
42. Qa6 Qh3 43. Rf1 Bf8 44. Qxc6 Rfg7 45. Rff2 Qxf3 46. Rxf3 Rxg2 47. Rg3 R2xg3
48. hxg3 Rxg3 49. Kh2 Rg7 50. Qe8 Re7 51. Qc8 Kf7 52. c6 Re8 53. Qb7+ 1-0

[Event "4th London Classic Open"]
[Site "London ENG"]
[Date "2012.12.07"]
[Round "7"]
[White "Rodriguez,Vidal"]
[Black "Black,Ri"]
[Result "1/2-1/2"]
[WhiteElo "2148"]
[BlackElo "2227"]
[WhiteFideId "3901343"]
[BlackFideId "8800081"]
[EventDate "2012.12.01"]

1. d4 d6 2. Nf3 Bg4 3. g3 Bxf3 4. exf3 g6 5. Bg2 c6 6. f4 Nf6 7. O-O Bg7 8. c4
O-O 9. Nc3 Nbd7 10. Re1 Re8 11. Qc2 Qc7 12. h3 a6 13. Be3 Rab8 14. a4 e6 15. b4
d5 16. c5 Nf8 17. Bf1 N6d7 18. b5 a5 19. Rab1 f6 20. bxc6 bxc6 21. Rxb8 Rxb8 22.
Rb1 e5 23. fxe5 fxe5 24. dxe5 Nxe5 25. Bg2 Kh8 26. Ne2 Nc4 27. Bf4 Rxb1+ 28.
Qxb1 Qe7 29. Bxd5 cxd5 30. c6 Be5 31. Qb5 Qd6 32. Nc3 Bxf4 33. gxf4 Qb4 34. Nxd5
Qxb5 35. axb5 a4 36. b6 Nxb6 37. Nxb6 a3 38. c7 a2 39. c8=Q a1=Q+ 40. Kg2 Kg7
41. Qc7+ Kg8 42. Qe5 Qa6 43. Nd5 Qe6 44. Nc3 Kf7 45. Kg3 Qxe5 46. fxe5 Ke6 47.
f4 Nd7 48. Kg4 h6 49. h4 Nxe5+ 50. fxe5 Kxe5 51. Nb5 Kf6 52. Nd6 Kg7 53. Ne4 Kf7 1/2-1/2